[Event "Madrid-ch Previa-A"]
[Site "Madrid"]
[Date "2013.02.06"]
[Round "3"]
[White "Espinola Salazar, Emilio"]
[Black "Perez Cameselle, Francisco Jose"]
[Result "0-1"]
[WhiteElo "1853"]
[BlackElo "1885"]
[PlyCount "118"]
[EventDate "2013.02.04"]
[EventType "swiss"]
[EventRounds "9"]
[EventCountry "ESP"]
[SourceTitle "EXT 2015"]
[Source "ChessBase"]
[SourceDate "2014.11.20"]
[SourceVersion "1"]
[SourceVersionDate "2014.11.20"]
[SourceQuality "1"]

1. d4 Nf6 2. c4 c5 3. d5 e6 4. Nc3 exd5 5. cxd5 d6 6. e4 g6 7. Bg5 h6 8. Bh4 Bg7 9. Nf3 g5 10. Bg3 Nh5 11. Bb5+ Kf8 12. 0-0 Nxg3 13. hxg3 a6 14. Be2 b5 15. Rc1 Nd7 16. Nh2 Nf6 17. f4 b4 18. Na4 Nxe4 19. Qd3 Bd4+ 20. Kh1 Nf2+ 21. Rxf2 Bxf2 22. Rf1 Bd4 23. Nf3 Qf6 24. Nb6 Bf5 25. Qd2 Rb8 26. Nc4 Be4 27. Nxd4 Qxd4 28. Qxd4 cxd4 29. Nxd6 Bxd5 30. Kg1 Rb6 31. Nf5 Bxa2 32. Nxd4 Rd6 33. Nf3 gxf4 34. gxf4 Kg7 35. Ra1 Be6 36. Kf2 Ra8 37. Ke3 a5 38. Rc1 Rc8 39. Ra1 Rc5 40. Nd4 Rb6 41. g4 Kf8 42. Rh1 Bd7 43. f5 a4 44. Kf4 a3 45. bxa3 bxa3 46. g5 hxg5+ 47. Kxg5 Ke7 48. Re1 Kd8 49. Bh5 Rd5 50. Rd1 Rbd6 51. Ra1 Rxd4 52. Rxa3 f6+ 53. Kg6 Rf4 54. Ra5 Ke7 55. Rc5 Rf2 56. Bg4 Rg2 57. Kh5 Rd4 58. Bh3 Rh2 59. Rc3 Bxf5 0-1